|
|
|
|
| LEADER |
00000nas a2200000 a 4500 |
| 001 |
ssj0042669 |
| 003 |
WaSeSS |
| 005 |
20200512172242.0 |
| 006 |
m d |
| 007 |
cr n |
| 008 |
751101c19699999sp ar p s 0 0spa c |
| 010 |
|
|
|a 2007252834
|
| 022 |
|
|
|a 1988-2718
|y 0556-6533
|
| 035 |
|
|
|a (WaSeSS)ssj0042669
|
| 037 |
|
|
|b REAA, Universidad Complutense de Madrid, Servicio de Publicaciones, C/ Obispo Trejo 2, Ciudad Universitaria, Madrid, 28040 España
|
| 040 |
|
|
|a CUD
|b eng
|c CUD
|d OCLCS
|d WAU
|d OCLCQ
|d OCLCE
|d OCLCQ
|d TXA
|d IXA
|d OCLCO
|d COO
|d OCLCF
|d OCLCO
|d OCLCQ
|d IXA
|d OCLCO
|d OCL
|d TJC
|d VT2
|d WaSeSS
|
| 042 |
|
|
|a pcc
|
| 043 |
|
|
|a n------
|a s------
|
| 245 |
0 |
0 |
|a Revista española de antropología americana
|h [electronic resource] /
|c Departamento de Antropología y Etnología de América.
|
| 246 |
1 |
|
|a REAA
|
| 260 |
|
|
|a [Madrid] :
|b Facultad de Filosofía y Letras, Universidad de Madrid,
|c 1969-
|
| 310 |
|
|
|a Annual,
|b 2016-
|
| 321 |
|
|
|a Annual,
|b 1969-2005
|
| 321 |
|
|
|a Semiannual,
|b 2006-2015
|
| 362 |
1 |
|
|a Began with: Vol. 4 (1969).
|
| 506 |
|
|
|a License restrictions may limit access.
|
| 588 |
|
|
|a Description based on: Vol. 4 (1969); title from issue table of contents (publisher's Web site, viewed Nov. 5, 2016).
|
| 588 |
|
|
|a Latest issue consulted: Vol. 47 (2017) (viewed Feb. 21, 2019).
|
| 650 |
|
0 |
|a Indians
|v Periodicals.
|
| 650 |
|
0 |
|a Indians
|x Antiquities
|v Periodicals.
|
| 650 |
|
7 |
|a Indians
|x Antiquities.
|2 fast
|0 (OCoLC)fst00969313
|
| 650 |
|
7 |
|a Indians.
|2 fast
|0 (OCoLC)fst00969307
|
| 650 |
|
7 |
|a ANTROPOLOGIA
|z AMERICA LATINA
|x PUBLICACIONES PERIODICAS.
|2 renib
|
| 650 |
|
7 |
|a ETNOLOGIA
|z AMERICA LATINA
|x PUBLICACIONES PERIODICAS.
|2 renib
|
| 655 |
|
0 |
|a Electronic journals.
|
| 710 |
2 |
|
|a Universidad Complutense de Madrid.
|b Departamento de Antropología y Etnología de América.
|
| 776 |
0 |
8 |
|i Print version:
|t Revista española de antropología americana.
|x 0556-6533
|w (DLC) 72621796
|w (OCoLC)1763949
|
| 780 |
0 |
0 |
|a Universidad Complutense de Madrid. Seminario de Estudios Americanistas.
|t Trabajos y conferencias (Online)
|
| 856 |
4 |
0 |
|z Full text available from Research Library: 01/01/2006 to present
|u https://search.proquest.com/publication/54558
|
| 856 |
4 |
0 |
|z Full text available from PRISMA Database with HAPI Index: 01/01/2006 to 01/31/2015
|u https://search.proquest.com/publication/15432
|